export_success — 

Enklaven.

Bibliographic Details
Main Author: Werthmann, Katja.
Format: eBook
Language:German
Published: Berlin/München/Boston : Walter de Gruyter GmbH, 2019.
Edition:1st ed.
Series:Dialektik des Globalen. Kernbegriffe Series
Subjects:
Online Access:Click to View
LEADER 01772nam a22003853i 4500
001 EBC5995125
003 MiAaPQ
005 20231204023214.0
006 m o d |
007 cr cnu||||||||
008 231204s2019 xx o ||||0 ger d
020 |a 9783110645996  |q (electronic bk.) 
035 |a (MiAaPQ)EBC5995125 
035 |a (Au-PeEL)EBL5995125 
035 |a (OCoLC)1132419981 
040 |a MiAaPQ  |b eng  |e rda  |e pn  |c MiAaPQ  |d MiAaPQ 
082 0 |a 320.12 
100 1 |a Werthmann, Katja. 
245 1 0 |a Enklaven. 
250 |a 1st ed. 
264 1 |a Berlin/München/Boston :  |b Walter de Gruyter GmbH,  |c 2019. 
264 4 |c {copy}2020. 
300 |a 1 online resource (38 pages) 
336 |a text  |b txt  |2 rdacontent 
337 |a computer  |b c  |2 rdamedia 
338 |a online resource  |b cr  |2 rdacarrier 
490 1 |a Dialektik des Globalen. Kernbegriffe Series ;  |v v.10 
505 0 |a Intro -- Inhalt -- 1. Einleitung -- 2. Sozialräumliche Segregation -- 3. Urbane ethnische Enklavenökonomien -- 4. Enklavenökonomie und Enklavendemokratie -- 5. Extraktive Enklaven und Rohstoff-Fluch -- 6. Extraktive Enklaven und frontiers in Afrika -- 7. Schluss. 
588 |a Description based on publisher supplied metadata and other sources. 
590 |a Electronic reproduction. Ann Arbor, Michigan : ProQuest Ebook Central, 2023. Available via World Wide Web. Access may be limited to ProQuest Ebook Central affiliated libraries.  
655 4 |a Electronic books. 
776 0 8 |i Print version:  |a Werthmann, Katja  |t Enklaven  |d Berlin/München/Boston : Walter de Gruyter GmbH,c2019 
797 2 |a ProQuest (Firm) 
830 0 |a Dialektik des Globalen. Kernbegriffe Series 
856 4 0 |u https://ebookcentral.proquest.com/lib/matrademy/detail.action?docID=5995125  |z Click to View